Cantons d'Eure-et-Loir - Statistiques

Statistiques générales
  • Ce quiz a été pris 52 fois
  • Le résultat moyen est 10 sur 15
Statistiques - réponses
Cantons % Correct
Chartres-1
100%
Chartres-2
100%
Chartres-3
100%
Dreux-1
96%
Dreux-2
96%
Châteaudun
76%
Brou
60%
Nogent-le-Rotrou
60%
Épernon
56%
Anet
48%
Illiers-Combray
44%
Les Villages Vovéens
44%
Lucé
40%
Auneau
28%
Saint-Lubin-des-Joncherets
20%
Aucun quiz correspondant
Distribution des résultats
% des personnes avec chaque résultat
Percentile par nombre de réponses
Votre historique - résultats
Vous n’avez pas pris ce quiz